Statistics for What date - Living under Nazi Rule

Click here to take the quiz!

General Stats

  • This quiz has been taken 4 times
  • The average score is 7 of 22

Answer Stats

HintAnswer% Correct
End of WW21945
100%
Beginning of WW21939
67%
Berlin Olympics1936
67%
Wall Street Crash1929
67%
Jewish people and other opponents start being sent to death camps1942
67%
Nazis become largest party in the Reichstag (Month)July 1932
33%
Civil Service Act (Month)April 1933
33%
First Concentration Camp erected (Month)March 1933
33%
Act to ban new parties (month)June 1933
33%
Nuremburg Laws1935
33%
National Jewish Boycott (Date/Month)1st April 1933
33%
Death of Hindenburg/Hitler becomes Fuhrer (Date/Month)2nd August 1934
33%
Krisallnacht (Date/Month)9th November 1938
33%
Hitler is made Chancellor (month)January 1933
33%
Day of national labour (Date/Month)1st May 1933
33%
Book Burning (Month)May 1933
0%
Removal of trade unions (Date/Month)2nd May 1933
0%
Reichstag Fire (date/month)27th February 1933
0%
Night of the Long Knives (Month)June 1934
0%
Social Democrats banned (Month)June 1933
0%
The Bomb plot (Month)July 1944
0%
Goebbles announces "Total War" beginning (Month)February 1943
0%

Score Distribution

Percentile by Number Answered

Percent of People with Each Score

Your Score History

You have not taken this quiz